| 000 | 00626nam a22002177a 4500 | ||
|---|---|---|---|
| 999 |
_c14728 _d14728 |
||
| 003 | AR-CdUCM | ||
| 008 | 190424b ||||| |||| 00| 0 spa d | ||
| 020 | _a978-968-16-4272-3 | ||
| 040 |
_aMUNICIPALIDAD PROVINCIAL DEL CUSCO _cBIBLIOTECA MUNICIPAL DEL CUSCO |
||
| 082 |
_aEP / 808.06 / _bB26 |
||
| 100 |
_aBrowne, Anthony _925011 |
||
| 245 | _aZoológico / | ||
| 260 |
_aMéxico : _bProgreso, _c2014. |
||
| 300 |
_c30 cm. _bIlustración, |
||
| 650 |
_aHistoria _951618 |
||
| 650 |
_aZoológico _933598 |
||
| 650 |
_aInfancia _95236 |
||
| 700 |
_aEsteva, Carmen _933599 |
||
| 942 |
_2ddc _cLIBROS |
||
| 945 |
_arah _d24/04/2019 |
||